000 00802nam a22002177a 4500
999 _c8306
_d8306
001 8306
003 BD-JhCC
005 20180220191140.0
008 180220s2004 a|||| |||| 00| 0 d
035 _a(BD-JhCC)8306
040 _aBD-JhCC
_dBD-JhCC
041 _aben
082 _a546
_bAHM 2004
100 _aআহমেদ, সায়েনউদ্দিন
245 _aস্নাতক অজৈব রসায়ন /
_cসায়েনউদ্দিন আহমেদ ও মোঃ লতিফ হোসেন
260 _aঢাকা :
_bবাংলাদেশ বুক করপোরেশন লিঃ,
_c২০০৪.
300 _a৯৬৬ পৃ. :
_bill.;
_c২৩ সেমি.
504 _aIncludes Illustration
650 _aInorganic Chemistry
942 _2ddc
_cBK